[Event "GER-ch Seniors 65"]
[Site "Hamburg"]
[Date "2018.07.29"]
[Round "9"]
[White "Klose, Hans Peter"]
[Black "Buss, Richard"]
[Result "0-1"]
[WhiteElo "1502"]
[BlackElo "1590"]
[PlyCount "77"]
[EventDate "2018.07.21"]
[EventType "swiss"]
[EventRounds "9"]
[EventCountry "GER"]
[SourceTitle "CBM 186 Extra"]
[Source "ChessBase"]
[SourceDate "2018.08.24"]
[SourceVersion "1"]
[SourceVersionDate "2018.08.24"]
[SourceQuality "1"]

1. c4 e6 2. g3 Nf6 3. Bg2 c6 4. Nf3 d6 5. 0-0 Be7 6. Ne1 Nbd7 7. Nc3 Nf8 8. b3 Ng6 9. d4 0-0 10. Nd3 Qc7 11. e3 Bd7 12. Qe2 Rae8 13. Bb2 d5 14. c5 e5 15. Nxe5 Nxe5 16. dxe5 Ng4 17. Nd1 Bxc5 18. Bd4 Bxd4 19. exd4 f6 20. f4 fxe5 21. fxe5 Rxf1+ 22. Qxf1 Rf8 23. Qe2 Qb6 24. Qd2 Nxe5 25. Ne3 Ng6 26. Rf1 Rxf1+ 27. Bxf1 Qd8 28. Bd3 Qg5 29. Nf1 Qxd2 30. Nxd2 Nf8 31. Kf2 Bg4 32. a3 Ne6 33. Ke3 Bh5 34. b4 Bd1 35. Bf5 Nd8 36. Kf4 g6 37. Bh3 h6 38. Ke5 Kg7 39. Nb3 0-1

[Event "GER-ch Seniors 65"]
[Site "Hamburg"]
[Date "2018.07.27"]
[Round "7"]
[White "Sauer, Helmut"]
[Black "Klose, Hans Peter"]
[Result "1-0"]
[WhiteElo "1726"]
[BlackElo "1502"]
[PlyCount "51"]
[EventDate "2018.07.21"]
[EventType "swiss"]
[EventRounds "9"]
[EventCountry "GER"]
[SourceTitle "CBM 186 Extra"]
[Source "ChessBase"]
[SourceDate "2018.08.24"]
[SourceVersion "1"]
[SourceVersionDate "2018.08.24"]
[SourceQuality "1"]

1. e4 c5 2. Nf3 d6 3. c3 g6 4. d4 Bg7 5. Bc4 cxd4 6. cxd4 e6 7. 0-0 Ne7 8. Nc3 0-0 9. Bg5 h6 10. Bh4 b6 11. d5 g5 12. Bxg5 hxg5 13. Nxg5 Ng6 14. Qh5 Re8 15. dxe6 Bxe6 16. Bxe6 Rxe6 17. Nxe6 Qe7 18. Nxg7 Kxg7 19. Rad1 Nd7 20. Qd5 Rh8 21. Qxd6 Qh4 22. Qg3 Qe7 23. f4 Qc5+ 24. Qf2 Qh5 25. Qg3 Qc5+ 26. Kh1 1-0

[Event "GER-chB Seniors 27th"]
[Site "Magdeburg"]
[Date "2015.08.18"]
[Round "4"]
[White "Klose, Hans Peter"]
[Black "Luebbers, Doris"]
[Result "1/2-1/2"]
[WhiteElo "1633"]
[BlackElo "1563"]
[PlyCount "85"]
[EventDate "2015.08.15"]
[EventType "swiss"]
[EventRounds "9"]
[EventCountry "GER"]
[SourceTitle "EXT 2018"]
[Source "ChessBase"]
[SourceDate "2017.10.13"]
[SourceVersion "1"]
[SourceVersionDate "2017.10.13"]
[SourceQuality "1"]

1. c4 c5 2. g3 e6 3. Bg2 Nf6 4. e4 d6 5. Nc3 Nc6 6. Nge2 Be7 7. 0-0 0-0 8. d3 a6 9. Rb1 Rb8 10. h3 Qc7 11. f4 Re8 12. e5 dxe5 13. fxe5 Nxe5 14. Bf4 Bd6 15. Ne4 Nxe4 16. Bxe4 b6 17. b3 Bb7 18. Nc3 f6 19. Rb2 Bxe4 20. Nxe4 Nf7 21. Rbf2 Rbd8 22. Nxf6+ gxf6 23. Qg4+ Kh8 24. Bxd6 Nxd6 25. Qf4 Qg7 26. Rg2 f5 27. g4 Qd4+ 28. Qxd4+ cxd4 29. gxf5 Nxf5 30. Rf4 Rg8 31. Kf2 Rxg2+ 32. Kxg2 h5 33. Kf3 Kh7 34. Ke4 Kg6 35. Ke5 Rd6 36. b4 Kf7 37. Rxf5+ exf5 38. Kxd6 f4 39. c5 bxc5 40. bxc5 f3 41. c6 f2 42. c7 f1Q 43. c8Q 1/2-1/2

[Event "Hessen-ch Seniors op 11th"]
[Site "Bad Sooden-Allendorf"]
[Date "2015.05.16"]
[Round "8"]
[White "Fuchs, Manfred"]
[Black "Klose, Hans Peter"]
[Result "1-0"]
[WhiteElo "1761"]
[BlackElo "1658"]
[PlyCount "99"]
[EventDate "2015.05.09"]
[EventType "swiss"]
[EventRounds "9"]
[EventCountry "GER"]
[SourceTitle "EXT 2018"]
[Source "ChessBase"]
[SourceDate "2017.10.13"]
[SourceVersion "1"]
[SourceVersionDate "2017.10.13"]
[SourceQuality "1"]

1. d4 Nf6 2. g3 g6 3. Bg2 Bg7 4. c4 0-0 5. e3 d6 6. Qb3 c6 7. Nc3 Nbd7 8. Nge2 Re8 9. 0-0 Rb8 10. Bd2 Nf8 11. Bxc6 N8d7 12. Bg2 Qc7 13. Nd5 Nxd5 14. cxd5 b6 15. Rac1 Qd8 16. Rfe1 Bb7 17. Nc3 Rc8 18. Bh3 a6 19. Ne2 Rxc1 20. Rxc1 Nf6 21. Bg2 Qa8 22. e4 Nd7 23. Be3 b5 24. Qd1 Rc8 25. Bh3 Rxc1 26. Qxc1 Qd8 27. b3 Nf6 28. f3 Kh8 29. Kf2 Ne8 30. Nf4 Nf6 31. Nd3 Ng8 32. Nf4 Nf6 33. Ne2 Ng8 34. Bg5 Nf6 35. Bh6 Bxh6 36. Qxh6 Ng8 37. Qc1 Nf6 38. Nf4 Kg7 39. Qc3 Kg8 40. Ng2 Nd7 41. Ne3 Kf8 42. f4 Qc8 43. Qxc8+ Bxc8 44. Kf3 Nb6 45. Bxc8 Nxc8 46. e5 Kg7 47. f5 dxe5 48. dxe5 f6 49. Ke4 fxe5 50. Kxe5 1-0

[Event "Hessen-ch Seniors op 11th"]
[Site "Bad Sooden-Allendorf"]
[Date "2015.05.13"]
[Round "5"]
[White "Klose, Hans Peter"]
[Black "Knobling, Rolf"]
[Result "1-0"]
[WhiteElo "1658"]
[BlackElo "1574"]
[PlyCount "47"]
[EventDate "2015.05.09"]
[EventType "swiss"]
[EventRounds "9"]
[EventCountry "GER"]
[SourceTitle "EXT 2018"]
[Source "ChessBase"]
[SourceDate "2017.10.13"]
[SourceVersion "1"]
[SourceVersionDate "2017.10.13"]
[SourceQuality "1"]

1. c4 c5 2. g3 Nc6 3. Bg2 d6 4. Nc3 Bd7 5. e4 e5 6. Nge2 Nf6 7. 0-0 Be7 8. d3 a6 9. h3 Qc8 10. Kh2 0-0 11. Nd5 Nxd5 12. cxd5 Nd4 13. Bd2 f5 14. f4 Qe8 15. fxe5 dxe5 16. Nxd4 exd4 17. Qe2 Qg6 18. e5 Rab8 19. e6 Be8 20. Bf4 Bg5 21. Bxb8 Bb5 22. Bd6 Re8 23. Bf4 Rxe6 24. dxe6 1-0

[Event "GER-chB Seniors 26th"]
[Site "Bad Neuenahr"]
[Date "2014.08.13"]
[Round "9"]
[White "Komeinda, Josef"]
[Black "Klose, Hans Peter"]
[Result "0-1"]
[WhiteElo "1681"]
[BlackElo "1674"]
[PlyCount "86"]
[EventDate "2014.08.05"]
[EventType "swiss"]
[EventRounds "9"]
[EventCountry "GER"]
[SourceTitle "EXT 2018"]
[Source "ChessBase"]
[SourceDate "2017.10.13"]
[SourceVersion "1"]
[SourceVersionDate "2017.10.13"]
[SourceQuality "1"]

1. e4 c5 2. Nf3 Nc6 3. Bc4 e6 4. c3 d5 5. exd5 exd5 6. Be2 Be6 7. d3 h6 8. d4 cxd4 9. Nxd4 Nxd4 10. Qxd4 Qb6 11. 0-0 Qxd4 12. cxd4 Ne7 13. Nc3 a6 14. Bf3 Rd8 15. h3 Nf5 16. Rd1 g6 17. Na4 Bg7 18. Nc5 Nxd4 19. Nxe6 Nxf3+ 20. gxf3 fxe6 21. Rb1 Rc8 22. Be3 Kd7 23. a4 Rc2 24. Bd4 Bxd4 25. Rxd4 Rhc8 26. Rg4 Rc1+ 27. Rxc1 Rxc1+ 28. Kg2 g5 29. f4 Rc4 30. fxg5 Rxg4+ 31. hxg4 hxg5 32. Kf3 e5 33. Ke3 Ke6 34. a5 Kd6 35. b4 Kc6 36. Kd3 Kb5 37. Kc3 d4+ 38. Kb3 e4 39. Ka3 e3 40. f4 gxf4 41. g5 e2 42. g6 e1Q 43. g7 Qg3+ 0-1

[Event "GER-chB Seniors 26th"]
[Site "Bad Neuenahr"]
[Date "2014.08.11"]
[Round "7"]
[White "Loerken, Franz"]
[Black "Klose, Hans Peter"]
[Result "1/2-1/2"]
[WhiteElo "1574"]
[BlackElo "1674"]
[PlyCount "84"]
[EventDate "2014.08.05"]
[EventType "swiss"]
[EventRounds "9"]
[EventCountry "GER"]
[SourceTitle "EXT 2018"]
[Source "ChessBase"]
[SourceDate "2017.10.13"]
[SourceVersion "1"]
[SourceVersionDate "2017.10.13"]
[SourceQuality "1"]

1. Nf3 Nf6 2. d4 g6 3. h3 Bg7 4. Bg5 0-0 5. e3 b6 6. c4 h6 7. Bf4 Bb7 8. Nc3 Ne4 9. Nb5 Nd6 10. Nxd6 cxd6 11. Bd3 Na6 12. a3 Nc7 13. 0-0 Ne8 14. Qc2 Kh7 15. e4 Rc8 16. Rab1 d5 17. Be5 dxe4 18. Bxe4 Bxe4 19. Qxe4 Rxc4 20. Bxg7 Nxg7 21. Ne5 Rc8 22. b4 Qe8 23. d5 f6 24. Nf3 Nf5 25. Rb3 Nd6 26. Qd3 Rc7 27. Re1 Rf7 28. g4 Nc4 29. Nh4 Rg7 30. Qg3 Rc8 31. Rf3 Qg8 32. Rc1 Nd2 33. Rxc8 Nxf3+ 34. Qxf3 Qxc8 35. Qe3 d6 36. Nf3 f5 37. g5 h5 38. Nd4 Rf7 39. f4 Kg8 40. Nc6 Qd7 41. h4 Qc7 42. Qe6 Kg7 1/2-1/2

[Event "Hessen-ch Seniors op 10th"]
[Site "Bad Sooden-Allendorf"]
[Date "2014.05.02"]
[Round "7"]
[White "Mertens, Gottfried"]
[Black "Klose, Hans Peter"]
[Result "1-0"]
[WhiteElo "1900"]
[BlackElo "1703"]
[PlyCount "65"]
[EventDate "2014.04.26"]
[EventType "swiss"]
[EventRounds "9"]
[EventCountry "GER"]
[SourceTitle "EXT 2018"]
[Source "ChessBase"]
[SourceDate "2017.10.13"]
[SourceVersion "1"]
[SourceVersionDate "2017.10.13"]
[SourceQuality "1"]

1. e3 g6 2. f4 Bg7 3. Nf3 d5 4. d4 Nf6 5. Bd3 0-0 6. 0-0 Nc6 7. Qe1 a5 8. c3 b6 9. Qe2 Ne8 10. e4 e6 11. e5 f6 12. Be3 fxe5 13. fxe5 Ne7 14. Bg5 Bh8 15. Nbd2 Ng7 16. g4 Qe8 17. Bf6 h6 18. Qe3 g5 19. h4 Ba6 20. Bxa6 Rxa6 21. Qd3 Ra8 22. hxg5 Ng6 23. Qe3 h5 24. Nh2 hxg4 25. Nxg4 Nf5 26. Rxf5 Bg7 27. Rf2 Ne7 28. Qh3 Qg6 29. Rh2 Nf5 30. Qh5 Qxh5 31. Rxh5 Rf7 32. Kf2 Raf8 33. Rah1 1-0

[Event "Hessen-ch Seniors op 10th"]
[Site "Bad Sooden-Allendorf"]
[Date "2014.04.27"]
[Round "2"]
[White "Mayeres, Hans Christian"]
[Black "Klose, Hans Peter"]
[Result "1-0"]
[WhiteElo "1920"]
[BlackElo "1703"]
[PlyCount "99"]
[EventDate "2014.04.26"]
[EventType "swiss"]
[EventRounds "9"]
[EventCountry "GER"]
[SourceTitle "EXT 2018"]
[Source "ChessBase"]
[SourceDate "2017.10.13"]
[SourceVersion "1"]
[SourceVersionDate "2017.10.13"]
[SourceQuality "1"]

1. c4 Nf6 2. Nc3 g6 3. g3 Bg7 4. Bg2 0-0 5. Nf3 d6 6. d3 c6 7. 0-0 Qc7 8. Bd2 Nbd7 9. b4 Ng4 10. h3 Nge5 11. Rc1 Nxf3+ 12. Bxf3 b6 13. b5 Ne5 14. Bg2 Bb7 15. f4 Nd7 16. bxc6 Bxc6 17. Nd5 Qd8 18. Nxe7+ Qxe7 19. Bxc6 Rae8 20. e4 Rc8 21. Ba4 Nc5 22. Bc2 Qd7 23. Kg2 Ne6 24. Ba4 Qb7 25. Bc3 Bxc3 26. Rxc3 Nc5 27. Re1 Rc7 28. Bb3 Re8 29. Rc2 Rce7 30. Rce2 Na6 31. Qa1 Nc5 32. Qd4 Qc6 33. Bc2 Ne6 34. Qd5 Qxd5 35. cxd5 Nd4 36. Rd2 Rc8 37. Bb3 Rec7 38. Kf2 Rc3 39. Rb1 Nxb3 40. axb3 Rc2 41. Ke3 Kf8 42. Ra1 R2c7 43. Ra4 Ke8 44. Rc4 Kd7 45. Rdc2 Rc5 46. b4 R5c7 47. e5 b5 48. Rxc7+ Rxc7 49. Rxc7+ Kxc7 50. Kd4 1-0

[Event "MVP-ch Seniors op 13th"]
[Site "Binz"]
[Date "2013.12.01"]
[Round "5"]
[White "Wagner, Richard"]
[Black "Klose, Hans Peter"]
[Result "1-0"]
[WhiteElo "1649"]
[BlackElo "1463"]
[PlyCount "144"]
[EventDate "2013.11.27"]
[EventType "swiss"]
[EventRounds "9"]
[EventCountry "GER"]
[SourceTitle "EXT 2015"]
[Source "ChessBase"]
[SourceDate "2014.11.20"]
[SourceVersion "1"]
[SourceVersionDate "2014.11.20"]
[SourceQuality "1"]

1. e4 c5 2. Nf3 g6 3. d4 cxd4 4. Nxd4 Bg7 5. Be3 Nc6 6. Nc3 Nf6 7. Be2 0-0 8. 0-0 a6 9. f4 d6 10. Qd2 Ng4 11. Nxc6 bxc6 12. Bd4 e5 13. fxe5 dxe5 14. Be3 Nxe3 15. Qxe3 Be6 16. Rfd1 Qc7 17. Rd2 Qa7 18. Qxa7 Rxa7 19. Rd6 Rc8 20. Rad1 Bf8 21. Rd8 Kg7 22. b3 Bc5+ 23. Kf1 Rxd8 24. Rxd8 Bd4 25. Na4 a5 26. c3 Be3 27. Rd3 Bg5 28. Nc5 Bc8 29. Rd6 Rc7 30. Na6 Bxa6 31. Bxa6 Be7 32. Rd3 Ra7 33. Bc4 Bc5 34. Rd8 Be7 35. Rc8 c5 36. a4 Bf8 37. Rd8 Be7 38. Rd3 Bf8 39. Ke2 Be7 40. Rf3 Bf8 41. Rd3 Be7 42. Rd5 Rc7 43. Kd3 Kf6 44. Bb5 Ke6 45. Bc4 Kf6 46. g4 g5 47. Ke3 Ra7 48. Rd2 Kg7 49. Bd5 Rc7 50. Rf2 f6 51. Kd3 Rd7 52. Kc4 Rd8 53. Kb5 Rb8+ 54. Kxa5 Bd8+ 55. Ka6 Bc7 56. Ra2 Kg6 57. h3 h6 58. a5 Bd6 59. Ka7 h5 60. a6 Rh8 61. Kb7 Rh7+ 62. Kc6 Bb8 63. Kxc5 hxg4 64. hxg4 Rc7+ 65. Kb4 Ba7 66. c4 Rd7 67. Kb5 Rc7 68. b4 Rc8 69. Rb2 Rb8+ 70. Bb7 Rd8 71. c5 Rd3 72. Rc2 Rd7 1-0

[Event "MVP-ch Seniors op 12th"]
[Site "Binz"]
[Date "2012.11.29"]
[Round "2"]
[White "Klose, Hans Peter"]
[Black "Vietinghoff, Klaus"]
[Result "1/2-1/2"]
[WhiteElo "1465"]
[BlackElo "1688"]
[PlyCount "37"]
[EventDate "2012.11.28"]
[EventType "swiss"]
[EventRounds "9"]
[EventCountry "GER"]
[SourceTitle "EXT 2014"]
[Source "ChessBase"]
[SourceDate "2013.11.20"]
[SourceVersion "1"]
[SourceVersionDate "2013.11.20"]
[SourceQuality "1"]

1. d4 f5 2. Bf4 Nf6 3. Nf3 e6 4. Nbd2 b6 5. e3 Bb7 6. Be2 Be7 7. 0-0 0-0 8. h3 h6 9. Ne5 Qe8 10. Bf3 c6 11. e4 g5 12. Bh2 d6 13. Nd3 fxe4 14. Nxe4 Nxe4 15. Bxe4 Nd7 16. Re1 Nf6 17. Bf3 Qf7 18. Qe2 Rae8 19. Qxe6 1/2-1/2